| 000 | 00907nam a22002537a 4500 | ||
|---|---|---|---|
| 005 | 20170502172529.0 | ||
| 010 | _aENG-118011 | ||
| 020 |
_a9780199459766 _c850.00 |
||
| 035 | _aEN-101543 | ||
| 037 | _bDBAD/PUB | ||
| 082 | 0 | 4 |
_a346.0469534 _223 |
| 100 | 1 | _aChandra, Rajshree, | |
| 245 | 1 | 4 |
_aThe cunning of rights : _blaw, life, biocultures / _cRajshree Chandra. |
| 250 | _aFirst edition. | ||
| 260 |
_aNew Delhi _bOxford University Press _c2016 |
||
| 300 |
_axxxiv, 244 pages ; _c23 cm.(Hb) |
||
| 504 | _aIncludes bibliographical references (pages 204-232) and index. | ||
| 650 | 0 |
_aGermplasm resources _xLaw and legislation. |
|
| 650 | 0 |
_aCultural property _xProtection _xLaw and legislation. |
|
| 650 | 0 | _aIntellectual property. | |
| 650 | 0 |
_aIndigenous peoples _xLegal status, laws, etc. |
|
| 650 | 0 |
_aFarmers _xLegal status, laws, etc. |
|
| 942 |
_2ddc _cEN _h346.0469534 _mCHA |
||
| 999 |
_c139445 _d139445 |
||